[Event "HCL-C227"]
[Site "www.playchess.de"]
[Date "2001.04.13"]
[Round "9"]
[White "ROB"]
[Black "lsoule"]
[WhiteElo "763"]
[BlackElo "983"]
[PlyCount "42"]
[Result "0-1"]

1.e4 c5 2.Nc3 Nc6 3.Nf3 g6 4.Bc4 e6 5.d3 Bg7 6.Bd2 
Nge7 7.O-O d5 8.exd5 exd5 9.Bb3 d4 10.Ne4 O-O 
11.Nxc5 b6 12.Ne4 Ba6 13.Re1 Bb7 14.Bb4 Nxb4 
15.Qd2 a5 16.a3 Nbd5 17.c4 dxc3 18.bxc3 Qc7 19.d4 
a4 20.Ba2 Rac8 21.c4 Qf4 0-1

[Event "HCL-A101"]
[Site "www.playchess.de"]
[Date "2001.04.13"]
[Round "28"]
[White "Eaglewingz"]
[Black "Rifleman"]
[WhiteElo "1428"]
[BlackElo "1497"]
[PlyCount "38"]
[Result "1/2-1/2"]

1.e4 {Hello...To a good game!}  c6 {Hello to you 
and have a good game.( But not too good?)}  2.d4 
{:)}  d5 {:}  3.exd5 cxd5 4.c4 Nf6 5.Nc3 e6 6.Nf3 
Be7 7.cxd5 Nxd5 8.Bd3 O-O 9.O-O Nc6 10.Re1 Bf6 
11.Be4 Nxc3 12.bxc3 e5 13.Bxc6 bxc6 14.dxe5 Qxd1 
15.Rxd1 Bd8 16.Re1 f6 17.exf6 Bxf6 18.Ne5 Re8 
19.Bf4 Bxe5 1/2-1/2

[Event "HCL-A101"]
[Site "www.playchess.de"]
[Date "2001.04.13"]
[Round "29"]
[White "kemi"]
[Black "THE-WARRIOR"]
[WhiteElo "1700"]
[BlackElo "1314"]
[PlyCount "20"]
[Result "0-1"]

1.e4 {Good Luck :-)}  e6 2.d4 d5 3.Nc3 Bb4 4.a3 
Bxc3+ 5.bxc3 c5 6.Qg4 Ne7 7.Qxg7 Rg8 8.Qxh7 Qc7 
9.exd5 exd5 10.dxc5 Bf5 0-1

[Event "HCL-B236"]
[Site "www.playchess.de"]
[Date "2001.04.13"]
[Round "8"]
[White "hassell"]
[Black "Zembla"]
[WhiteElo "1685"]
[BlackElo "1500"]
[PlyCount "63"]
[Result "1-0"]

1.e4 {Hi ans good luck in the game}  e5 {Thanks, 
good luck to you too.}  2.Nf3 Nc6 3.Bc4 Nf6 4.d3 
Be7 5.O-O O-O 6.Bb3 d6 7.c3 Na5 8.Bc2 c5 9.d4 Qc7 
10.h3 Nc6 11.Be3 Bd7 12.d5 Na5 13.Qe2 b6 14.Nbd2 
Rac8 15.b3 Ne8 16.c4 Nb7 17.Nh2 f5 18.exf5 Bxf5 
19.Bxf5 Rxf5 20.f4 Nf6 21.g4 exf4 22.Bxf4 Nxg4 
23.Qe6+ Rf7 24.Nxg4 Rcf8 25.Nh6+ gxh6 26.Bxh6 Qc8 
27.Rxf7 Qxe6 28.Rg7+ Kh8 29.dxe6 Bf6 30.e7 Re8 
31.Rf7 Bxe7 32.Re1 1-0

[Event "HCL-C228"]
[Site "www.playchess.de"]
[Date "2001.04.13"]
[Round "32"]
[White "craigsadler"]
[Black "Yurispb"]
[WhiteElo "721"]
[BlackElo "1000"]
[PlyCount "70"]
[Result "0-1"]

1.e4 c5 2.Nf3 d6 3.d4 cxd4 4.Nxd4 Nf6 5.Nc3 a6 
6.Bc4 e6 7.Bb3 b5 8.O-O Be7 9.Re1 Qc7 10.Bg5 O-O 
11.f4 h6 12.Bxf6 Bxf6 13.Qg4 Bxd4+ 14.Kh1 Bxc3 
15.bxc3 Qxc3 16.f5 Qe5 17.f6 Qxf6 18.Ref1 Qe5 
19.h3 Bb7 20.Rfe1 Nd7 21.Rad1 Nf6 22.Qf3 Nxe4 
23.Qe3 Rac8 24.Rdc1 d5 25.Kg1 Rc3 26.Qe2 Qg5 
27.Qg4 Qxg4 28.hxg4 Rg3 29.Kh2 Rxg4 30.c3 Rc8 
31.Re3 d4 32.Rd3 Rh4+ 33.Kg1 Nxc3 34.Rh3 Rxh3 
35.gxh3 Ne2+ 0-1

[Event "HCL-A100"]
[Site "www.playchess.de"]
[Date "2001.04.13"]
[Round "19"]
[White "henk"]
[Black "mgwili"]
[WhiteElo "1915"]
[BlackElo "1900"]
[PlyCount "94"]
[Result "1/2-1/2"]

1.e4 c5 {hi!}  2.Nc3 d6 3.g3 Nf6 4.Bg2 Nc6 5.d3 e6 
6.f4 Be7 7.Nf3 O-O 8.O-O Qb6 9.Kh1 h6 10.Qe1 Nd4 
11.Nxd4 cxd4 12.Nd1 e5 13.h3 Nh7 14.f5 Qc7 15.c4 
a6 16.Bd2 b5 17.Rc1 Qd7 18.b3 bxc4 {how was your 
weekend?}  19.bxc4 Qa4 20.Ra1 Qc2 21.Nf2 Rb8 
22.Bc1 Bd7 23.Bf3 Qa4 24.Bd1 Qc6 25.h4 Bxf5 26.Kh2 
Be6 27.Bg4 Qd7 28.Bxe6 fxe6 29.Qe2 d5 30.Qg4 Nf6 
31.Qg6 Qe8 32.Qxe8 Rfxe8 33.cxd5 exd5 34.exd5 Nxd5 
35.Ne4 Nf6 36.Nxf6+ Bxf6 37.Bxh6 Rb2+ 38.Kh3 Rc8 
39.Bg5 Bxg5 40.hxg5 Rd2 41.Rfd1 Rcc2 42.a4 Kh7 
43.Kg4 Rxd1 44.Rxd1 Ra2 45.Kf5 g6+ 46.Kxe5 Rxa4 
47.Rc1 Ra5+ 1/2-1/2

[Event "HCL-B239"]
[Site "www.playchess.de"]
[Date "2001.04.13"]
[Round "8"]
[White "FEMW"]
[Black "Inge_Heumann"]
[WhiteElo "1755"]
[BlackElo "1895"]
[PlyCount "73"]
[Result "1/2-1/2"]

1.e4 {Hello, hope we will ha an interestering 
game.}  e6 {Yes. I`m sure it`ll be great ;-))}  
2.d4 {Where do you live? I  live in Lund.}  d5 
{Now, I live in Karlsruhe and work at the 
university, and you?}  3.Nc3 {I live in Lund and 
work at a bank in Malmö.}  Bb4 4.e5 c5 5.a3 Bxc3+ 
6.bxc3 Qc7 7.Nf3 Ne7 8.Be2 Nbc6 9.O-O cxd4 10.cxd4 
Nf5 11.Bg5 Bd7 12.Qd2 Rc8 13.Rfb1 Na5 14.Bd3 Nc4 
15.Qb4 Bc6 16.Bxf5 exf5 17.Nd2 Nxd2 18.Bxd2 b6 
19.Rb3 h6 20.Rg3 g5 21.f4 g4 22.a4 h5 23.a5 Kd7 
24.axb6 axb6 25.Rga3 Rca8 26.R3xa8 Rxa8 27.Rxa8 
Bxa8 28.Qf8 Qxc2 29.Qxf7+ Kc6 30.Qe8+ Kc7 31.Qe7+ 
Kc8 32.Qb4 {The situation is almost equal but I 
think white has a little advantage?}  Qd1+ {Yes I 
think you are right. But, let`s see}  33.Kf2 h4 
34.Qf8+ Kc7 35.Qb4 Bc6 36.Qd6+ Kb7 37.Qe7+ {I have 
tried to find a way to win but I can´t see how!} 
 1/2-1/2

[Event "HCL-C240"]
[Site "www.playchess.de"]
[Date "2001.04.13"]
[Round "10"]
[White "pajala"]
[Black "craigsadler"]
[WhiteElo "1225"]
[BlackElo "713"]
[PlyCount "49"]
[Result "1-0"]

1.e4 c6 2.Nf3 d5 3.exd5 cxd5 4.d4 Nf6 5.Bb5+ Nc6 
6.Ne5 Qb6 7.Qd3 Bd7 8.Nxd7 Nxd7 9.Nc3 e6 10.O-O a6 
11.Bxc6 Qxc6 12.a3 Bd6 13.Be3 O-O 14.Rae1 Nf6 
15.h3 Rfe8 16.Bg5 Nd7 17.Qf3 h6 18.Bh4 g5 19.Bg3 
Bxg3 20.Qxg3 Nf6 21.f4 Ne4 22.Nxe4 dxe4 23.fxg5 
Kh7 24.Rxf7+ Kh8 25.Qe5+ 1-0

[Event "HCL-C245"]
[Site "www.playchess.de"]
[Date "2001.04.13"]
[Round "3"]
[White "jhvn"]
[Black "prnils"]
[WhiteElo "1000"]
[BlackElo "1000"]
[PlyCount "65"]
[Result "1-0"]

1.d4 Nf6 {Hi! Have a nice game!}  2.c4 e6 3.Nf3 d5 
4.Bg5 Be7 5.Nc3 b6 6.e3 Bb7 7.cxd5 exd5 8.Bxf6 
Bxf6 9.Qb3 O-O 10.O-O-O a5 11.Bd3 c5 12.dxc5 Bxc3 
13.bxc3 a4 14.Qb2 Nd7 15.cxb6 Qxb6 16.Qxb6 Nxb6 
17.a3 Rac8 18.Kd2 Nc4+ 19.Bxc4 Rxc4 20.Rdf1 Ba6 
21.Nd4 Rb8 22.Rfb1 Rbc8 23.Rb6 Ra8 24.Rhb1 Rcc8 
25.Nf5 Kf8 26.h4 h5 27.g3 g6 28.Nd4 Bc4 29.R6b4 
Ke7 30.R1b2 f6 31.R4b7+ Kd6 32.R2b6+ Ke5 
33.Re7+ 1-0

[Event "HCL-E039"]
[Site "www.playchess.de"]
[Date "2001.04.13"]
[Round "20"]
[White "SD626"]
[Black "Zynaps"]
[WhiteElo "2000"]
[BlackElo "2000"]
[PlyCount "71"]
[Result "1/2-1/2"]

1.e4 c6 2.d4 d5 3.e5 Bf5 4.Nf3 e6 5.Be2 c5 6.O-O 
Nc6 7.c3 cxd4 8.cxd4 Nge7 9.a3 Nc8 10.Bg5 Be7 
11.Bxe7 Qxe7 12.Nbd2 O-O 13.Bb5 Nb6 14.Bxc6 bxc6 
15.Qc1 Rfc8 16.b4 a5 17.Qc3 axb4 18.axb4 Qb7 
19.Ra5 Bg4 20.Rfa1 Bxf3 21.Qxf3 Nd7 22.Nb3 Rxa5 
23.bxa5 c5 24.Nxc5 Nxc5 25.dxc5 Rxc5 26.Qe2 Qa7 
27.a6 h6 28.h3 d4 29.Qb2 Rc7 30.Qb3 Rd7 31.Qb5 Rc7 
32.Ra3 Kh7 33.Kh2 g6 34.Ra1 Kg7 35.Ra4 Rc2 
36.Qd3 1/2-1/2

[Event "HCL-A110"]
[Site "www.playchess.de"]
[Date "2001.04.13"]
[Round "3"]
[White "Wallbank"]
[Black "daleo"]
[WhiteElo "1700"]
[BlackElo "1700"]
[PlyCount "26"]
[Result "0-1"]

1.d4 Nf6 2.Nf3 g6 {hope we have a good game}  3.c4 
d5 4.cxd5 Nxd5 5.e4 Nb6 6.h3 {Me too}  Bg7 7.Be2 
O-O 8.Be3 c6 9.O-O Be6 10.b3 f5 11.e5 Nd5 12.Bc4 
Kh8 13.Ng5 Qc8 0-1

[Event "HCL-B233"]
[Site "www.playchess.de"]
[Date "2001.04.13"]
[Round "35"]
[White "ademarmr"]
[Black "bundori"]
[WhiteElo "1714"]
[BlackElo "1501"]
[PlyCount "76"]
[Result "0-1"]

1.e4 e6 2.d4 d5 3.e5 c5 4.Nf3 cxd4 5.Nxd4 Nc6 
6.Bb5 Bd7 7.c3 Nxe5 8.Be2 Nf6 9.O-O Be7 10.Bf4 Ng6 
11.Be3 O-O 12.c4 Rc8 13.cxd5 Nxd5 14.Bf3 Nxe3 
15.fxe3 e5 16.Ne2 Bg5 17.Qd3 Be6 18.Qxd8 Bxe3+ 
19.Kh1 Rfxd8 20.Nbc3 Rd2 21.b3 b6 22.Ne4 Rdd8 
23.Bh5 Nf4 24.Nxf4 Bxf4 25.Bf3 f5 26.Nf2 e4 27.Be2 
Be5 28.Rac1 Rxc1 29.Rxc1 Rd2 30.Re1 Rxa2 31.Nh3 
Bxb3 32.Bb5 a5 33.Bd7 g6 34.Rb1 a4 35.Rc1 Ra1 
36.Rxa1 Bxa1 37.Kg1 Bd4+ 38.Kf1 
a3 0-1

[Event "HCL-B250"]
[Site "www.playchess.de"]
[Date "2001.04.13"]
[Round "34"]
[White "pfff5"]
[Black "real1"]
[WhiteElo "1237"]
[BlackElo "1227"]
[PlyCount "61"]
[Result "1-0"]

1.e4 {good luck}  c5 2.Bc4 Nc6 3.Nf3 g6 4.Nc3 Bg7 
5.Ng5 e6 6.d3 Nf6 7.O-O O-O 8.Nf3 d5 9.exd5 exd5 
10.Bb5 d4 11.Ne4 Nxe4 12.dxe4 Bg4 13.h3 Bxf3 
14.Qxf3 Nb4 15.Ba4 a6 16.a3 Nc6 17.Bxc6 bxc6 18.e5 
Bxe5 19.Qxc6 Qc7 20.Qxc7 Bxc7 21.Re1 Rfd8 22.Bh6 
Be5 23.Rxe5 Rac8 24.Rae1 c4 25.Kf1 f6 26.R5e7 Kh8 
27.Rg7 d3 28.Ree7 d2 29.Rgxh7+ Kg8 30.Reg7+ Kf8 
31.Rh8+ 1-0

[Event "HCL-C255"]
[Site "www.playchess.de"]
[Date "2001.04.13"]
[Round "23"]
[White "TRUBLU"]
[Black "chico"]
[WhiteElo "1000"]
[BlackElo "1094"]
[PlyCount "126"]
[Result "0-1"]

1.e4 e5 2.Nf3 d6 3.Nc3 Nf6 4.Bc4 h6 5.d3 Nc6 6.O-O 
Bg4 7.h3 Bxf3 8.Qxf3 a6 9.Be3 Be7 10.Nd5 Qd7 
11.Bb6 Nxd5 12.Bxd5 Bf6 13.Be3 Nd8 14.a4 c6 15.Bb3 
Ne6 16.Qg3 g5 17.f3 O-O-O 18.Qf2 Rdg8 19.a5 c5 
20.Bd5 Rg6 21.Ra3 Nc7 22.Bc4 h5 23.g3 Qxh3 24.Bxf7 
Rg7 25.Ba2 h4 26.Qg2 Qxg3 27.Qxg3 hxg3 28.Kg2 Rh2+ 
29.Kxg3 Rxc2 30.Rh1 Rxb2 31.Bc1 Rb4 32.Bd2 Rb2 
33.Bc1 Re2 34.Rh6 Be7 35.Rh8+ Kd7 36.Bb3 Nb5 
37.Ba4 Re1 38.Rb8 Kc7 39.Bd2 Nxa3 40.Bxe1 Kxb8 
41.Kg4 Rh7 42.Bd7 Nc2 43.Bd2 Rh1 44.Bxg5 Bxg5 
45.Kxg5 Rd1 46.f4 exf4 47.Kxf4 Rxd3 48.Bf5 Ne1 
49.e5 Rf3+ 50.Ke4 dxe5 51.Kxe5 Rxf5+ 52.Kxf5 c4 
53.Ke4 c3 54.Ke3 c2 55.Kd2 {doesnt look to good 
for me!}  Kc7 56.Kc1 Kc6 57.Kd2 Kb5 58.Kc1 Kxa5 
59.Kd2 b5 60.Kc1 b4 61.Kd2 b3 62.Kc1 Kb4 63.Kb2 
Nd3+ 0-1

[Event "HCL-E032"]
[Site "www.playchess.de"]
[Date "2001.04.13"]
[Round "4"]
[White "Stan"]
[Black "Chris"]
[WhiteElo "2000"]
[BlackElo "2053"]
[PlyCount "40"]
[Result "0-1"]

1.e4 {Hello,and good luck!}  c5 2.c3 e6 3.d4 d5 
4.exd5 exd5 5.Nf3 Nc6 6.Be2 Nf6 7.O-O cxd4 8.cxd4 
Be7 9.Nc3 O-O 10.Bf4 a6 11.a3 Bf5 12.Rc1 Ne4 
13.Ne5 Rc8 14.Qb3 Nxd4 15.Qd1 Nxc3 16.bxc3 Nxe2+ 
17.Qxe2 Bxa3 18.Rca1 Rxc3 19.Rfd1 Rc2 20.Qf3 
Bc5 0-1

[Event "HCL-C260"]
[Site "www.playchess.de"]
[Date "2001.04.13"]
[Round "3"]
[White "Unlive666"]
[Black "rulo"]
[WhiteElo "1000"]
[BlackElo "1000"]
[PlyCount "46"]
[Result "0-1"]

1.e4 e5 2.f3 Nc6 3.Bd3 Nf6 4.Nh3 d6 5.Nc3 d5 6.b3 
Nd4 7.Bb5+ Nxb5 8.Qe2 Nxc3 9.dxc3 dxe4 10.fxe4 c6 
11.Bb2 Bg4 12.Qe3 g6 13.O-O b6 14.Rad1 Bxd1 15.Qe1 
Bc5+ 16.Rf2 Ng4 17.b4 Bxf2+ 18.Nxf2 Nxf2 19.Kxf2 
Qf6+ 20.Kg1 Rd8 21.c4 Bxc2 22.c5 Rd1 23.Bxe5 {i'm 
dead}  Rxe1+ 0-1

[Event "HCL-A116"]
[Site "www.playchess.de"]
[Date "2001.04.13"]
[Round "16"]
[White "vrad"]
[Black "Kaiko"]
[WhiteElo "1890"]
[BlackElo "1916"]
[PlyCount "34"]
[Result "0-1"]

1.e4 c5 2.Nf3 Nc6 3.d4 cxd4 4.Nxd4 g6 5.Be3 Bg7 
6.Nc3 Nf6 7.f3 O-O 8.Qd2 d5 9.O-O-O dxe4 10.Nxe4 
Nxe4 11.fxe4 Bxd4 12.Bxd4 Bg4 13.Be2 Bxe2 14.Qxe2 
Nxd4 15.Qf2 e5 16.c3 Qg5+ 17.Kb1 
Ne6 0-1

[Event "HCL-C257"]
[Site "www.playchess.de"]
[Date "2001.04.13"]
[Round "4"]
[White "Bishop_F1G2"]
[Black "JensAnd"]
[WhiteElo "1000"]
[BlackElo "1313"]
[PlyCount "71"]
[Result "1-0"]

1.e4 c5 2.Nf3 d6 3.d4 cxd4 4.Nxd4 Nf6 5.Nc3 g6 
6.Be3 Bg7 7.Nf3 Nc6 8.Bb5 Bd7 9.O-O O-O 10.Qe2 a6 
11.Bxc6 Bxc6 12.Bg5 Qc7 13.Rad1 e6 14.Qe3 Nd7 
15.Be7 Rfc8 16.Bxd6 Qa5 17.Nd4 Bxd4 18.Qxd4 b5 
19.b4 Qb6 20.Qd2 Nf6 21.Qf4 Nh5 22.Qg5 f6 23.Qh6 
Rcd8 24.Rfe1 e5 25.h3 Nf4 26.Qh4 g5 27.Qh6 Ng6 
28.g3 Rd7 29.Bc5 Qb7 30.Rxd7 Qxd7 31.Rd1 Qg7 
32.Qxg7+ Kxg7 33.Rd6 Rc8 34.Nd5 Bxd5 35.exd5 a5 
36.Rb6 1-0

[Event "ACL-A137"]
[Site "www.playchess.de"]
[Date "2001.04.13"]
[Round "20"]
[White "richard"]
[Black "saltsau"]
[WhiteElo "1805"]
[BlackElo "1500"]
[PlyCount "23"]
[Result "1-0"]

1.e4 Nf6 2.e5 Nd5 3.d4 c6 4.Nf3 e6 5.c4 Nb4 6.a3 
N4a6 7.Bg5 Be7 8.Bxe7 Qxe7 9.Bd3 O-O 10.Qc2 f6 
11.Bxh7+ {did you  miss this?}  Kh8 {yep!}  12.Nh4 
{it gets worse. The Aalekhine is tricky if you 
don't know the opening.}  1-0

[Event "HCL-B266"]
[Site "www.playchess.de"]
[Date "2001.04.13"]
[Round "4"]
[White "Iron_Flower"]
[Black "player27"]
[WhiteElo "1110"]
[BlackElo "1443"]
[PlyCount "32"]
[Result "1/2-1/2"]

1.d4 {HI again from Leeuwarden, the Netherlands}  
e6 {good luck again from Berlin, Germany}  2.c4 
Nf6 3.Nc3 Bb4 4.Bd2 O-O 5.a3 Bxc3 6.Bxc3 Ne4 7.Rc1 
b6 8.Nf3 Bb7 9.e3 d6 10.Bd3 f5 11.O-O g5 12.h3 
Nxc3 13.Rxc3 Nd7 14.Qb3 c5 15.d5 e5 16.Bb1 
Qe7 1/2-1/2

[Event "HCL-E032"]
[Site "www.playchess.de"]
[Date "2001.04.13"]
[Round "19"]
[White "Chris"]
[Black "peze"]
[WhiteElo "2053"]
[BlackElo "2013"]
[PlyCount "48"]
[Result "1/2-1/2"]

1.Nf3 Nf6 {Hello again! Good luck!}  2.e3 b6 3.c4 
Bb7 4.Be2 e6 5.Nc3 d5 6.cxd5 exd5 7.d4 Be7 8.O-O 
O-O 9.Bd2 Bd6 10.Nb5 Ba6 11.Nxd6 Qxd6 12.Bxa6 Nxa6 
13.a3 Rfc8 14.Rc1 Ne4 15.Qe2 Nb8 16.b4 a5 17.Rcb1 
axb4 18.axb4 Ra2 19.Qd3 Nd7 20.Rfc1 Rca8 21.Be1 c6 
22.Qd1 b5 23.Rba1 R2xa1 24.Rxa1 
Qf8 1/2-1/2

[Event "HCL-C264"]
[Site "www.playchess.de"]
[Date "2001.04.13"]
[Round "3"]
[White "DJFisherman"]
[Black "trebli"]
[WhiteElo "1000"]
[BlackElo "999"]
[PlyCount "32"]
[Result "0-1"]

1.e4 c5 2.g3 e5 3.Nc3 d6 4.Bc4 a6 5.d3 b5 6.Bd5 
Ra7 7.a3 Nf6 8.Bg5 Be7 9.Bxf6 Bxf6 10.Nf3 O-O 
11.Qe2 Bg4 12.h3 Be6 13.Qe3 h6 14.O-O-O Bg5 
15.Nxg5 hxg5 16.h4 g4 0-1

[Event "HCL-A120"]
[Site "www.playchess.de"]
[Date "2001.04.13"]
[Round "5"]
[White "Flemming"]
[Black "SonofaBlitz"]
[WhiteElo "1848"]
[BlackElo "1700"]
[PlyCount "37"]
[Result "1-0"]

1.d4 {Hi over there! Ready for a fast paced game?} 
 d5 {Good Luck from Canada}  2.c4 c6 3.Nf3 Nf6 
4.Nc3 e6 5.Bg5 Nbd7 6.e3 a6 7.Rc1 Bb4 8.cxd5 cxd5 
9.Bd3 O-O 10.O-O Bd6 11.Bb1 b5 12.e4 Be7 13.Qd3 
dxe4 14.Nxe4 g6 15.Nxf6+ Nxf6 16.Rfe1 Bb7 17.Ne5 
Qd5 18.Qh3 Qxd4 19.Bh6 1-0

[Event "HCL-B270"]
[Site "www.playchess.de"]
[Date "2001.04.13"]
[Round "5"]
[White "ChessWorm"]
[Black "SAROS"]
[WhiteElo "1386"]
[BlackElo "1260"]
[PlyCount "61"]
[Result "1-0"]

1.Nf3 d5 2.b3 Nc6 3.Bb2 f6 4.d4 Bg4 5.Nbd2 Nh6 
6.h3 Bxf3 7.Nxf3 Qd6 8.e3 O-O-O 9.Be2 e5 10.dxe5 
fxe5 11.O-O Be7 12.c4 Qe6 13.cxd5 Rxd5 14.Bc4 Rhd8 
15.Bxd5 Rxd5 16.Qe2 Nf7 17.Rfd1 g6 18.Rd2 e4 
19.Rxd5 Qxd5 20.Nd2 Nce5 21.Rd1 Nc6 22.Qg4+ Kb8 
23.Qxe4 Qxe4 24.Nxe4 a6 25.Nf6 Bxf6 26.Bxf6 Kc8 
27.f4 Nd6 28.g4 Ne4 29.Bg7 b6 30.Kg2 Nb4 
31.Rd4 1-0

[Event "HCL-B275"]
[Site "www.playchess.de"]
[Date "2001.04.13"]
[Round "16"]
[White "Grom"]
[Black "Matu"]
[WhiteElo "1200"]
[BlackElo "1563"]
[PlyCount "35"]
[Result "1-0"]

1.e4 {Guten tag!}  c6 {Guten Tag, wie geht´s?}  
2.d4 {Danke, gut :) Aus welher Stadt sind Sie?}  
d5 {aus München}  3.exd5 {:)}  cxd5 4.c4 Nf6 5.Nc3 
e6 6.Nf3 Bb4 7.Bd3 dxc4 8.Bxc4 Nd5 9.O-O Nxc3 
10.bxc3 Bxc3 11.Rb1 O-O 12.Rb3 Ba5 13.Ng5 Qc7 
14.Nxh7 Kxh7 15.Rh3+ Kg8 16.Qh5 f6 17.Bd3 Rd8 
18.Bg6 1-0

[Event "HCL-B275"]
[Site "www.playchess.de"]
[Date "2001.04.13"]
[Round "20"]
[White "Grom"]
[Black "Savage"]
[WhiteElo "1200"]
[BlackElo "1435"]
[PlyCount "91"]
[Result "1-0"]

1.e4 {Hello!}  c5 {Hello, welcome to the game.}  
2.Nf3 {I'm novice in this server. Let's play :)}  
Nc6 {OK, :<}.}  3.d4 cxd4 4.Nxd4 g6 5.Nc3 Bg7 
6.Be3 Nf6 7.Bc4 Qa5 8.O-O d6 9.Bb3 O-O 10.h3 Bd7 
11.f4 Rac8 12.Nf3 a6 13.e5 Ne8 14.Nd5 Qd8 15.Bb6 
Rc7 16.Nxc7 Nxc7 17.exd6 exd6 18.Qxd6 Nb5 19.Bxd8 
Nxd6 20.Bh4 Nf5 21.c3 Na5 22.Rad1 Bc6 23.Bf2 Nxb3 
24.axb3 Bxf3 25.gxf3 Bh6 26.Bc5 Re8 27.Rfe1 Rxe1+ 
28.Rxe1 Bxf4 29.Rd1 Kg7 30.Rd7 Bc1 31.Ba3 b6 
32.Kf2 a5 33.Ke2 Kf6 34.Rb7 Be3 35.b4 axb4 36.Bxb4 
Bg1 37.b3 Ke6 38.Ba3 h5 39.Bc1 f6 40.Kf1 Bc5 41.b4 
Be3 {1200?  what is your real rating?}  42.Bxe3 
{dufficult to say,  because I doesn't play a long 
time.}  Nxe3+ 43.Ke2 Nd5 44.c4 Nf4+ 45.Ke3 Nxh3 
46.Rxb6+ 1-0

[Event "HCL-C268"]
[Site "www.playchess.de"]
[Date "2001.04.13"]
[Round "15"]
[White "yaroslav"]
[Black "MEATHEAD"]
[WhiteElo "1018"]
[BlackElo "956"]
[PlyCount "36"]
[Result "0-1"]

1.e4 e5 2.c4 Nf6 3.Nc3 d6 4.d3 Nc6 5.Bg5 h6 6.Bxf6 
Qxf6 7.Nd5 Qd8 8.Qa4 Bd7 9.b4 Nd4 10.Qd1 c6 11.Nc3 
c5 12.Qf3 Nxf3+ 13.Nxf3 cxb4 14.Nd5 Qa5 15.O-O-O 
Qxa2 16.Nc7+ Kd8 17.Nxa8 b3 18.Rd2 
Qa1+ 0-1

[Event "HCL-B283"]
[Site "www.playchess.de"]
[Date "2001.04.13"]
[Round "11"]
[White "Savage"]
[Black "richard"]
[WhiteElo "1435"]
[BlackElo "1488"]
[PlyCount "87"]
[Result "1-0"]

1.e4 {Hello Richard}  c5 {where are you?}  2.Nf3 
{Republic of the Marshall Islands, where are you?} 
 d6 {Amherst, MA}  3.d4 {I lived in Lowell in 
93-94 time frame.  My wife and I liked to go into 
Boston on weekends.}  cxd4 4.Nxd4 Nf6 5.Nc3 a6 
6.Bg5 e6 7.f4 Nc6 {lets najdorf}  8.e5 h6 {you 
take mine, I'll take yours.}  9.Bh4 {Maybe later}  
Nxd4 {i'll take yours first}  10.Qxd4 dxe5 
11.Qxd8+ {Guess that's a pretty obvious move.}  
Kxd8 12.O-O-O+ Bd7 13.fxe5 g5 14.Bxg5 hxg5 15.exf6 
Kc7 16.Ne4 Bc6 17.Bd3 Rh4 18.Rde1 Rd8 19.g3 Rh3 
20.Bf1 Rh6 21.Bd3 Bxe4 22.Rxe4 Rxf6 23.Kd2 Rf5 
24.Ke2 Bc5 25.Rf1 Rxf1 26.Kxf1 Kd6 27.Rg4 f6 28.a4 
a5 29.Ke2 e5 30.Bf5 b6 31.h4 gxh4 32.gxh4 Rh8 
33.Kf3 Rh6 34.c3 Kc6 35.Kg3 Kd6 36.Rg8 Kd5 37.b3 
Ba3 38.Rd8+ Bd6 39.Kg4 Kc6 40.Rc8+ Bc7 41.h5 Kb7 
42.Rf8 Kc6 43.Bg6 e4 {I've been outplayed. 
congrats}  44.Rxf6+ 1-0

[Event "HCL-B283"]
[Site "www.playchess.de"]
[Date "2001.04.13"]
[Round "21"]
[White "richard"]
[Black "lonewolf"]
[WhiteElo "1488"]
[BlackElo "1649"]
[PlyCount "96"]
[Result "0-1"]

1.e4 e5 2.Nf3 {retired?? (i am)}  Nc6 {Yes,and 
enjoying every minute.}  3.Bb5 {where are you?}  
a6 {Arizona,and you?}  4.Ba4 {Amherst, MA age 63}  
Nf6 {age 71}  5.O-O Be7 6.Re1 b5 7.Bb3 {quick for 
an old guy}  d6 {Lots of practice}  8.c3 {soon it 
gets interesting}  O-O 9.h3 Bb7 10.d4 Re8 11.Nbd2 
{let's Zaitsef?}  Bf8 {What's Zaitsef?}  12.Bc2 
{this variation of the spanish}  exd4 13.cxd4 Nb4 
14.Bb1 {you just left the book}  c5 {I know,trying 
to improve my position.This one stinks.}  15.d5 
{Nb4 was premature}  a5 {I never could play black 
well.How about you?}  16.a3 {go to the rim mr 
knight}  Na6 17.Nf1 a4 18.Bg5 h6 19.Bh4 Nc7 20.Bg3 
Nh5 21.Bh2 g6 22.Ba2 Nf6 23.Qc2 Qd7 24.Rad1 {looks 
even now}  Ra6 25.N1d2 c4 26.Nd4 {thanks for the 
outpost}  Bg7 27.N2f3 {tiny steps}  Raa8 28.Bb1 
{who will strike first?}  Na6 29.Qc1 Nc5 30.Qf4 
{you seem to be playing black just fine}  Rad8 
{Thanks i needed that.}  31.h4 Ng4 32.Qg3 h5 
33.Re2 Ba8 34.Bc2 Nxh2 35.Kxh2 Bb7 36.Ng5 Rda8 
37.f4 Re7 38.Ngf3 {subtle changes}  Rae8 {A very 
interesting game.}  39.e5 {bloodbath ahead}  Bxd5 
40.Nf5 {did you consider this?}  dxe5 41.Nxe7+ 
Rxe7 {i consider my self a strategist,but your 
beating me to the punch.:-(}  42.Red2 {more 
bloodletting}  exf4 43.Qxf4 Bxf3 44.Qxf3 Qc7+ 
45.Kh1 {who's winning?}  Ne6 {Hard to tell,looks 
fairly close though.}  46.Bb1 Be5 47.Qd5 {all 
lined up}  Bg3 48.Qxb5 Qf4 0-1

[Event "HCL-C279"]
[Site "www.playchess.de"]
[Date "2001.04.13"]
[Round "15"]
[White "smash2"]
[Black "supernova"]
[WhiteElo "1000"]
[BlackElo "1167"]
[PlyCount "20"]
[Result "0-1"]

1.e4 e5 2.Nf3 Nf6 3.Ng5 d5 4.Qh5 Nxh5 {what the 
hell was this move?}  5.Nf3 dxe4 6.Nxe5 Bd6 7.d4 
O-O 8.Bc4 Bxe5 9.dxe5 Qd4 10.b3 
Qxa1 0-1

[Event "HCL-C279"]
[Site "www.playchess.de"]
[Date "2001.04.13"]
[Round "23"]
[White "MEATHEAD"]
[Black "jpechie"]
[WhiteElo "895"]
[BlackElo "1000"]
[PlyCount "49"]
[Result "1-0"]

1.e4 e5 2.Bc4 Nf6 3.d3 Be7 4.Nf3 Nc6 5.Ng5 d5 
6.exd5 Nxd5 7.Qf3 Bxg5 8.Bxd5 f6 9.Bxg5 Bd7 10.Be3 
Nb4 11.Qe2 Nxd5 12.Qh5+ Kf8 13.Bc5+ Ne7 14.Bxe7+ 
Qxe7 15.Nc3 Qb4 16.Rb1 Be8 17.Qh3 c6 18.O-O Rd8 
19.a3 Qc5 20.Rbd1 Ke7 21.Rfe1 b5 22.a4 bxa4 23.d4 
Qd6 24.dxe5 Qc5 25.exf6+ 1-0

[Event "HCL-C276"]
[Site "www.playchess.de"]
[Date "2001.04.13"]
[Round "14"]
[White "Stephen21"]
[Black "MEATHEAD"]
[WhiteElo "1175"]
[BlackElo "895"]
[PlyCount "57"]
[Result "1-0"]

1.Nc3 e5 2.e4 Nf6 3.d4 exd4 4.Qxd4 Nc6 5.Qc4 a6 
6.Nf3 b5 7.Qe2 d6 8.Bg5 h6 9.Bxf6 Qxf6 10.Nd5 Qd8 
11.e5 dxe5 12.Nxe5 Qxd5 13.Nxc6+ Qe6 14.Qxe6+ Bxe6 
15.Bd3 Bd5 16.Ne5 Bxg2 17.Rg1 Bd5 18.O-O-O Bxa2 
19.b3 Ba3+ 20.Kd2 Bb4+ 21.c3 Bc5 22.Kc2 f6 23.Bg6+ 
Kf8 24.Nd7+ Ke7 25.Nxc5 f5 26.Rge1+ Kf6 27.Re6+ 
Kg5 28.Rd4 h5 29.h4+ 1-0

[Event "HCL-B281"]
[Site "www.playchess.de"]
[Date "2001.04.13"]
[Round "36"]
[White "Torenvalk"]
[Black "soymilk"]
[WhiteElo "1502"]
[BlackElo "1169"]
[PlyCount "28"]
[Result "1/2-1/2"]

1.d4 {Hello and good luck.}  Nf6 {Here's to an 
inteeresting and challenging game!}  2.c4 {Let`s 
play !}  e6 3.Nc3 {I hope so.}  Bb4 4.e3 b6 5.Bd3 
Bb7 6.Nf3 Ne4 7.Bxe4 Bxe4 8.O-O Bxc3 9.bxc3 Qf6 
10.Nd2 Bb7 11.e4 O-O 12.Qc2 Qg6 13.Re1 f5 14.g3 
f4 1/2-1/2

[Event "HCL-C276"]
[Site "www.playchess.de"]
[Date "2001.04.13"]
[Round "19"]
[White "MEATHEAD"]
[Black "esad"]
[WhiteElo "895"]
[BlackElo "1802"]
[PlyCount "39"]
[Result "1-0"]

1.e4 e5 2.Nf3 Nc6 3.Nc3 Bc5 4.a3 Nf6 5.Bc4 O-O 
6.O-O h6 7.d3 d6 8.Be3 Bxe3 9.fxe3 Ng4 10.Qe2 a6 
11.Bd5 Qg5 12.Nxg5 hxg5 13.Qf3 Ne7 14.Bxf7+ Kh8 
15.Qh3+ Nh6 16.Qh5 Bd7 17.Rf2 Bg4 18.Qxg5 Rxf7 
19.Rxf7 Nxf7 20.Qxe7 1-0

[Event "HCL-A124"]
[Site "www.playchess.de"]
[Date "2001.04.13"]
[Round "4"]
[White "Webmann"]
[Black "myosotis1984"]
[WhiteElo "1888"]
[BlackElo "1700"]
[PlyCount "33"]
[Result "1-0"]

1.e4 e5 2.d4 exd4 3.c3 dxc3 4.Bc4 cxb2 5.Bxb2 d5 
6.Bxd5 Nf6 7.Nc3 Bc5 8.Qe2 O-O 9.Rd1 Qe7 10.Nf3 
Bb4 11.O-O Rd8 12.Bxf7+ Kxf7 13.Rxd8 Qxd8 14.Qc4+ 
Be6 15.Ng5+ Kg6 16.Nxe6 Qd6 17.Nxc7 1-0